Statystyki dla Kraje z największą ilością wody pitnej na jednego mieszkańca.(GeoMex)

Kliknij tutaj aby rozwiązać quiz!

Ogólne statystyki

  • Ten quiz został rozwiązany 24 razy
  • Średni wynik to 4 z 10

Statystyki odpowiedzi

Zasób na jednego mieszkańcaOdpowiedź% Poprawnych
80 tys. m3/osKanada
95%
519 tys. m3/osIslandia
85%
74 tys. m3/osNorwegia
80%
72 tys. m3/os.Nowa Zelandia
65%
107 tys. m3/osPapua Nowa Gwinea
30%
101 tys. m3/osBhutan
20%
315 tys. m3/osGujana
20%
183 tys. m3/osSurinam
20%
97 tys. m3/os.Gabon
15%
78 tys. m3/osWyspy Salomona
10%

Rozkład punktacji

Percentyl według liczby udzielonych odpowiedzi

Procent ludzi z każdym wynikiem

Twoja historia wyników

Nie rozwiązałeś tego quizu